Познай държавите в Северна Америка - Statistics

General Stats
  • This quiz has been taken 104 times
  • The average score is 11 of 23
Answers on the Map
Answers color-coded by a green-red scale on the quiz's map according to % correct below.
 
Answer Stats
Answer % Correct
САЩ
87%
Мексико
83%
Канада
83%
Бахами
72%
Панама
67%
Куба
65%
Салвадор
57%
Белиз
52%
Никарагуа
52%
Доминиканска република
50%
Коста Рика
50%
Гватемала
48%
Ямайка
48%
Хондурас
46%
Хаити
43%
Гренада
39%
Тринидад и Тобаго
37%
Сейнт Лусия
35%
Сейнт Винсънт и Гренадини
30%
Сейнт Китс и Невис
30%
Антигуа и Барбуда
28%
Доминика
28%
Барбадос
17%
No matching quizzes found
Score Distribution
Percent of People with Each Score
Percentile by Number Answered
Your Score History
You have not taken this quiz